000 01106nam a2200277 a 4500
003 DO-SdBNP
005 20220210105047.0
008 091123s1999 dr 001 e spa d
020 _a8489539944
040 _aDO-SdBNP
_bspa
_cBPMSU
082 _aRD864.44
_bT693r 1999
_222
100 1 _aTorres-Saillant, Silvio
245 1 3 _aEl retorno de las yolas :
_bensayos sobre diáspora, democracia y dominicanidad /
_cSilvio Torres-Saillant ; prólogo Frank Moya Pons.
260 _aSanto Domingo :
_bLibrería la Trinitaria :
_bManatí,
_c1999.
300 _a467 p. ;
_c23 cm.
500 _aIncluye índice onomástico
500 _aIncluye notas al pie de las páginas.
504 _aBibliografías (p. 277- 278, 424-432)
590 _6Inventariado, 2022/VM
650 4 _aCultura
_zRepública Dominicana
_xEnsayos, conferencias, etc.
650 4 _aLiteratura dominicana
_xHistoria y crítica
_xEnsayos, conferencias, etc.
651 4 _aRepública Dominicana
_xEmigración e inmigración
_xEnsayos, conferencias, etc.
700 1 _aMoya Pons, Frank,
_d1944-
_e
910 _aVMateo V.
942 _2ddc
_cMP
999 _c14030
_d14030